[Event "GER tt 3 Lands "]
[Site "Schwaebisch Gmuend"]
[Date "2001.05.25"]
[Round "2.3"]
[White "Nitsche, Paul"]
[Black "Mader, Michael"]
[Result "0-1"]
[WhiteElo "861"]
[BlackElo "1062"]
[PlyCount "94"]
[EventDate "2001.05.??"]
[EventType "team"]
[EventRounds "3"]
[EventCountry "GER"]
[SourceTitle "EXT 2003"]
[Source "ChessBase"]
[SourceDate "2002.11.25"]
[SourceVersion "1"]
[SourceVersionDate "2002.11.25"]
[SourceQuality "1"]

1. d4 Nf6 2. c4 g6 3. Nc3 Bg7 4. e4 d6 5. Nf3 0-0 6. Be3 e5 7. Be2 exd4 8. Nxd4 Re8 9. Qc2 Nbd7 10. Bg5 h6 11. Bxf6 Nxf6 12. 0-0 Nxe4 13. Nxe4 Bxd4 14. Rad1 Bg7 15. c5 d5 16. Nc3 c6 17. Bf3 Qc7 18. Rfe1 Bf5 19. Rxe8+ Rxe8 20. Qd2 Qa5 21. Rc1 Qxc5 22. Nxd5 Qd6 23. Qb4 Qxb4 24. Nxb4 Bxb2 25. Rd1 Bc3 26. Nxc6 bxc6 27. Bxc6 Re1+ 28. Rxe1 Bxe1 29. Kf1 Bc3 30. Ke2 Kf8 31. f3 Ke7 32. g4 Be6 33. a4 Bd7 34. Bxd7 Kxd7 35. Kd3 Be5 36. h4 Kc6 37. Kc4 a5 38. h5 g5 39. Kd3 Kd5 40. Ke3 Bd4+ 41. Kd3 Ke5 42. Kc4 Be3 43. Kb5 Bd2 44. Kc6 Kf4 45. Kd6 Kxf3 46. Ke7 Kxg4 47. Kxf7 Kxh5 0-1